000
00196 a2200109 4500
020
_a
9780590471381
041
_a
spa
100
_a
Jeanette Winter
245
_a
Diego
942
_c
BK
952
_7
1
999
_c
23218
_d
23218